000 00905cam a22001934a 4500
005 20250605164043.0
008 250528s ||||||||||||||||||||||||d
035 _a17046
020 _a192892606
040 _aGR-AtMCL
_bgre
_dGR-AtMCL
_eAACR2
245 1 _aNationalism
260 _bHutchinson Jo
_bOxford University Press,
_c1994
300 _a382
520 _aNationalism is one of the most powerful forces in the modern world, but it is only recently that its study has begun to flourish and receive wide academic recognition. Introduction, The Question of Definition, Theories of Nationalism, The Rise of Nations, Nationalism in Europe, Nationalism Outside Europe, Nationalism and the International System, Beyond Nationalism?, Notes, Selected Bibliography, Biographical Notes, Acknowledgements, Index.
700 1 _aSmith Anthony
_93176
942 _cBK
999 _c2486
_d2486